000 00559nam a22001577a 4500
005 20120608110042.0
020 _a8174872736
_c320.00
035 _aB-130146
037 _aDPL
_bENG
100 _aChakraborty, Tapan
_948688
245 _aCommunity policing in Delhi /
_cby Tapan Chakraborty
260 _aNew Delhi
_bRadha Publications
_c2003
300 _avii, 130p.
_c20 cms.
942 _2ddc
_cEN
_h363.3209
_mCHA
999 _c67681
_d67681